Sage handbook of conflict communication: integrating theory, research and practice (Record no. 5136)
[ view plain ]
| 000 -LEADER | |
|---|---|
| fixed length control field | 00528nam a2200181Ia 4500 |
| 020 ## - INTERNATIONAL STANDARD BOOK NUMBER | |
| ISBN | 0-7619-3045-0 |
| 082 ## - DEWEY DECIMAL CLASSIFICATION NUMBER | |
| Classification number | 303.6 SAG- |
| 245 #0 - TITLE STATEMENT | |
| Title | Sage handbook of conflict communication: integrating theory, research and practice |
| 260 ## - PUBLICATION, DISTRIBUTION, ETC. (IMPRINT) | |
| Place of publication | Thousand Oaks |
| Name of publisher | Sage Publications |
| Year of publication | 2006 |
| 300 ## - PHYSICAL DESCRIPTION | |
| Number of Pages | xvi, 792 |
| 504 ## - BIBLIOGRAPHY, ETC. NOTE | |
| Bibliography, etc | includes index |
| 650 ## - SUBJECT ADDED ENTRY--TOPICAL TERM | |
| Topical Term | Conflict management |
| 650 ## - SUBJECT ADDED ENTRY--TOPICAL TERM | |
| Topical Term | Social conflict |
| 650 ## - SUBJECT ADDED ENTRY--TOPICAL TERM | |
| Topical Term | Communication in the social sciences |
| 700 ## - ADDED ENTRY--PERSONAL NAME | |
| Personal name | Ting-Toomey, Stella |
| 700 ## - ADDED ENTRY--PERSONAL NAME | |
| Personal name | Oetzel, John G. |
| 942 ## - ADDED ENTRY ELEMENTS (KOHA) | |
| Koha item type | Books |
| Withdrawn status | Lost status | Damaged status | Not for loan | Home library | Current library | Date acquired | Source of acquisition | Bill Date | Full call number | Accession Number | Price effective from | Koha item type |
|---|---|---|---|---|---|---|---|---|---|---|---|---|
| NASSDOC Library | NASSDOC Library | 26/06/2006 | BSB | 2006-06-20 | 303.6 SAG- | 41897 | 18/04/2019 | Books |
